00632nam a2200193 a 450000100100000000500170001000800410002704000250006808200220009310000330011524500400014825000120018826000380020030000260023865000220026404900090028695201260029599900170042100002301220240510073816.0101124s1976 ag r 000 0 spa d aDO-SdBNPbspacBNPHU a100bF497fi, 19761 aFingermann, Gregorio,94734210aFilosofía /cGregorio Fingermann. a12a ed. aBuenos Aires :bEl Ateneo,c1976. axii, 132 p. ;c21 cm. 0aFilosofía 9813 aBNGR 001052708MOaGRbGRcCTd2010-11-24iLF1l0o100 F497fi, 1976p23012-10r2020-06-25w2020-06-25y2ZPréstamo interno c22509d22509